Loading...
| Social Science | 2 | 9 | 3 | 3 | 105 | 62 | 105.73 | 5 | 11 |
| Literature - American Literature | 0 | 7 | 0 | 2 | 70 | 111 | 129.86 | 2 | 7 |
| Literature - British Literature | 1 | 5 | 0 | 1 | 65 | 72 | 133.50 | 1 | 6 |
| History - American History | 0 | 6 | 1 | 1 | 55 | 92 | 116.17 | 2 | 6 |
| Philosophy | 0 | 5 | 0 | 0 | 50 | 109 | 126.60 | 1 | 5 |
| Literature - European Literature | 1 | 3 | 0 | 0 | 45 | 79 | 123.00 | 2 | 4 |
| History - European History | 1 | 4 | 2 | 2 | 45 | 42 | 103.80 | 1 | 5 |
| Religion | 1 | 3 | 0 | 1 | 45 | 75 | 119.75 | 1 | 4 |
| History - World History | 1 | 3 | 1 | 0 | 40 | 61 | 106.50 | 0 | 4 |
| Geography | 1 | 3 | 1 | 1 | 40 | 68 | 113.75 | 1 | 4 |
| Fine Arts - Visual Fine Arts | 0 | 4 | 0 | 1 | 40 | 99 | 125.75 | 0 | 4 |
| Science - Other Science | 0 | 4 | 0 | 0 | 40 | 94 | 109.00 | 2 | 4 |
| Science - Physics | 0 | 4 | 0 | 0 | 40 | 113 | 126.00 | 1 | 4 |
| Science - Chemistry | 0 | 4 | 1 | 0 | 35 | 130 | 137.50 | 0 | 4 |
| Other Academic | 0 | 3 | 0 | 1 | 30 | 102 | 114.00 | 0 | 3 |
| Literature - World Literature | 0 | 3 | 1 | 0 | 25 | 132 | 140.00 | 0 | 3 |
| Mythology | 0 | 2 | 0 | 1 | 20 | 91 | 119.00 | 1 | 2 |
| Science - Biology | 0 | 2 | 1 | 1 | 15 | 133 | 134.00 | 2 | 2 |
| Fine Arts - Auditory Fine Arts | 0 | 1 | 1 | 0 | 5 | 141 | 141.00 | 1 | 1 |
| Current Events | 0 | 1 | 1 | 0 | 5 | 133 | 133.00 | 0 | 1 |
| History - Ancient History | 0 | 1 | 2 | 1 | 0 | 153 | 153.00 | 0 | 1 |